Statistics for Name The Top 25 NFL Players Of 2017

Click here to take the quiz!

General Stats

  • This quiz has been taken 40 times
  • The average score is 15 of 25

Answer Stats

Position Answer % Correct
QBTom Brady
100%
QBAaron Rodgers
85%
WRAntonio Brown
82%
QBMatt Ryan
76%
WRJulio Jones
76%
WROdell Beckham Jr
74%
LBVon Miller
74%
TERob Gronkowski
68%
QBDrew Brees
68%
RBEzekiel Elliott
65%
DEKhalil Mack
59%
CBPatrick Peterson
59%
RBLe'Veon Bell
56%
QBRussell Wilson
56%
CBRichard Sherman
56%
TTyron Smith
56%
RBDavid Johnson
53%
QBBen Roethlisberger
50%
TJoe Thomas
47%
DTAaron Donald
47%
WRA.J. Green
44%
QBDerek Carr
44%
LBLuke Kuechly
41%
QBDak Prescott
35%
SEric Berry
26%

Score Distribution

Percentile by Number Answered

Percent of People with Each Score

Your Score History

You have not taken this quiz